<?xml version="1.0" encoding="UTF-8"?><?xml-stylesheet type="text/xsl" href="static/style.xsl"?><OAI-PMH xmlns="http://www.openarchives.org/OAI/2.0/" xmlns:xsi="http://www.w3.org/2001/XMLSchema-instance" xsi:schemaLocation="http://www.openarchives.org/OAI/2.0/ http://www.openarchives.org/OAI/2.0/OAI-PMH.xsd"><responseDate>2026-04-29T17:05:26Z</responseDate><request verb="GetRecord" identifier="oai:riubu.ubu.es:10259/10004" metadataPrefix="marc">https://riubu.ubu.es/oai/request</request><GetRecord><record><header><identifier>oai:riubu.ubu.es:10259/10004</identifier><datestamp>2025-01-24T01:05:37Z</datestamp><setSpec>com_10259.4_2557</setSpec><setSpec>com_10259_5086</setSpec><setSpec>com_10259_2604</setSpec><setSpec>col_10259.4_2558</setSpec></header><metadata><record xmlns="http://www.loc.gov/MARC21/slim" xmlns:doc="http://www.lyncode.com/xoai" xmlns:xsi="http://www.w3.org/2001/XMLSchema-instance" xmlns:dcterms="http://purl.org/dc/terms/" xsi:schemaLocation="http://www.loc.gov/MARC21/slim http://www.loc.gov/standards/marcxml/schema/MARC21slim.xsd">
<leader>00925njm 22002777a 4500</leader>
<datafield tag="042" ind1=" " ind2=" ">
<subfield code="a">dc</subfield>
</datafield>
<datafield tag="720" ind1=" " ind2=" ">
<subfield code="a">Gadella, Manuel</subfield>
<subfield code="e">author</subfield>
</datafield>
<datafield tag="720" ind1=" " ind2=" ">
<subfield code="a">Mateos Guilarte, Juan María</subfield>
<subfield code="e">author</subfield>
</datafield>
<datafield tag="720" ind1=" " ind2=" ">
<subfield code="a">Muñoz Castañeda, José María</subfield>
<subfield code="e">author</subfield>
</datafield>
<datafield tag="720" ind1=" " ind2=" ">
<subfield code="a">Nieto Calzada, Luis Miguel</subfield>
<subfield code="e">author</subfield>
</datafield>
<datafield tag="720" ind1=" " ind2=" ">
<subfield code="a">Santamaría Sanz, Lucía</subfield>
<subfield code="e">author</subfield>
</datafield>
<datafield tag="260" ind1=" " ind2=" ">
<subfield code="c">2020-10</subfield>
</datafield>
<datafield tag="520" ind1=" " ind2=" ">
<subfield code="a">We present a detailed study of a generalised one-dimensional Kronig–Penney model using δ- δ′&#xd;
 potentials. We analyse the band structure and the density of states in two situations. In the first case, we consider an infinite array formed by identical δ- δ′&#xd;
 potentials standing at the linear lattice nodes. This case will be known throughout the paper as the one-species hybrid Dirac comb. We investigate the consequences of adding the δ′&#xd;
 interaction to the Dirac comb by comparing the band spectra and the density of states of pure Dirac-δ&#xd;
 combs and one-species hybrid Dirac combs. Secondly, we study the quantum system that arises when the periodic potential is the one obtained from the superposition of two one-species hybrid Dirac combs displaced one with respect to the other and with different couplings. The latter will be known as the two-species hybrid Dirac comb. One of the most remarkable results is the appearance of a curvature change in the band spectrum when the δ′&#xd;
 couplings are above a critical value.</subfield>
</datafield>
<datafield tag="024" ind2=" " ind1="8">
<subfield code="a">http://hdl.handle.net/10259/10004</subfield>
</datafield>
<datafield tag="024" ind2=" " ind1="8">
<subfield code="a">10.1140/EPJP/S13360-020-00818-6</subfield>
</datafield>
<datafield tag="024" ind2=" " ind1="8">
<subfield code="a">2190-5444</subfield>
</datafield>
<datafield tag="245" ind1="0" ind2="0">
<subfield code="a">Band spectra of periodic hybrid δ- δ′ structures</subfield>
</datafield>
</record></metadata></record></GetRecord></OAI-PMH>